| 000 | 01570nam a22003734a 4500 | ||
|---|---|---|---|
| 001 | ebr10058848 | ||
| 003 | CaPaEBR | ||
| 006 | m u | ||
| 007 | cr cn||||||||| | ||
| 008 | 010306s2001 cau sb 001 0 eng | ||
| 010 | _z 2001027446 | ||
| 020 | _z9780520935518 | ||
| 020 | _z0520217462 (hbk. : alk. paper) | ||
| 020 | _z0520225856 (pbk. : alk. paper) | ||
| 040 |
_aCaPaEBR _cCaPaEBR |
||
| 035 | _a(OCoLC)55879045 | ||
| 050 | 1 | 4 |
_aRC552.O25 _bB63 2001eb |
| 082 | 0 | 4 |
_a616.3/98/0019 _221 |
| 245 | 0 | 0 |
_aBodies out of bounds _h[electronic resource] : _bfatness and transgression / _cedited by Jana Evans Braziel and Kathleen LeBesco. |
| 260 |
_aBerkeley : _bUniversity of California Press, _cc2001. |
||
| 300 | _aviii, 360 p. | ||
| 504 | _aIncludes bibliographical references and index. | ||
| 533 |
_aElectronic reproduction. _bPalo Alto, Calif. : _cebrary, _d2013. _nAvailable via World Wide Web. _nAccess may be limited to ebrary affiliated libraries. |
||
| 650 | 0 |
_aBody image _xSocial aspects _vMiscellanea. |
|
| 650 | 0 |
_aDiscrimination against overweight persons _vMiscellanea. |
|
| 650 | 0 |
_aObesity _xSocial aspects _vMiscellanea. |
|
| 650 | 0 |
_aOverweight women _xSocial aspects _vMiscellanea. |
|
| 650 | 0 |
_aPhysical-appearance-based bias _vMiscellanea. |
|
| 655 | 7 |
_aElectronic books. _2local |
|
| 700 | 1 |
_aBraziel, Jana Evans, _d1967- |
|
| 700 | 1 |
_aLeBesco, Kathleen, _d1970- |
|
| 710 | 2 | _aebrary, Inc. | |
| 856 | 4 | 0 |
_uhttp://site.ebrary.com/lib/rucke/Doc?id=10058848 _zAn electronic book accessible through the World Wide Web; click to view |
| 999 |
_c170556 _d170556 |
||